000 00639nam a2200205Ia 4500
005 20250923144752.0
008 008 250917s9999 xx 000 0 eng d
037 _aTextual
040 _aDSWL
_beng
_cDSWL
041 _aeng
_2eng
084 _aY172oX9J:1:12:73,41Y7, K0
_qDSWL
100 _aSasaki, Tom T.
_9828224
245 0 _aFruitland, New Mexico: Naval community trans
_cby Tom T. Sasaki
260 _aNew York
_bYorkCornell University Press
_c1960
300 _axvii,217p.
365 _aUSD
_b4.5
925 _g4.5
942 _cTEXL
_hY172oX9J:1:12:73,41Y7, K0
999 _c1443112
_d1443112